Multi-agent Simulations: Capital and Financial Market
Gespeichert in:
| 1. Verfasser: | |
|---|---|
| Weitere Verfasser: | , |
| Format: | Buchkapitel |
| Sprache: | Englisch |
| Tags: |
Keine Tags, Fügen Sie das erste Tag hinzu!
|
MARC
| LEADER | 00000naa$a2200000$$$4500 | ||
|---|---|---|---|
| 001 | 0094760 | ||
| 005 | 20240502083240.5 | ||
| 041 | 0 | |a eng | |
| 044 | |a RS | ||
| 245 | 1 | 0 | |a Multi-agent Simulations: Capital and Financial Market |c Ľudovít Pinda, Branislav Mišota, Ľuboš Horka |
| 100 | 1 | |a Pinda, Ľudovít, 1958- | |
| 700 | 1 | |a Mišota, Branislav | |
| 700 | 1 | |a Horka, Ľuboš | |